The Urban family and poverty in Latin America /
Guardat en:
| Autor principal: | |
|---|---|
| Format: | Text |
| Matèries: | |
| Etiquetes: |
Afegir etiqueta
Sense etiquetes, Sigues el primer a etiquetar aquest registre!
|
MARC
| LEADER | 00000 a a2200000 04500 | ||
|---|---|---|---|
| 001 | 9185 | ||
| 003 | |||
| 040 | |||
| 100 | |a González de la Rocha, Mercedes | ||
| 245 | |a The Urban family and poverty in Latin America / |c Mercedes González de la Rocha | ||
| 650 | |a FAMILIA | ||
| 650 | |a POBREZA | ||
| 650 | |a CONDICIONES SOCIALES | ||
| 650 | |a INGRESO | ||
| 650 | |a TRABAJO | ||
| 650 | |a CARGA DE FAMILIA | ||
| 773 | |g volumen 22, número 2 (85); páginas 12-31 | ||
| 999 | |c 22878 |d 22878 | ||
